[Event "World Youth Girl U18 2016"]
[Site "Khanty-Mansiysk RUS"]
[Date "2016.10.02"]
[Round "10.22"]
[White "Yolal, Sena Gokcen"]
[Black "Hwang, Chyi"]
[Result "1-0"]
[WhiteElo "1737"]
[BlackElo "1356"]
[WhiteFideId "6337031"]
[BlackFideId "16300920"]
[EventDate "2016.09.22"]

1. e4 e5 2. Nf3 Nc6 3. Bc4 Bc5 4. b4 Bxb4 5. c3 Ba5 6. d4 exd4 7. O-O Nge7 8.
cxd4 d5 9. exd5 Nxd5 10. Qb3 Be6 11. Ba3 Bb6 12. Re1 Na5 13. Qa4+ c6 14. Bd3 Ne7
15. Nc3 O-O 16. d5 cxd5 17. Bxh7+ Kxh7 18. Qh4+ Kg8 19. Ng5 Bf5 20. Bxe7 Qd7 21.
Bxf8 Rxf8 22. Rad1 d4 23. Nce4 d3 24. Qg3 f6 25. Nh3 Bxe4 26. Rxe4 d2 27. Re2
Nc4 28. Qb3 Qf7 29. Nf4 Rc8 30. g3 Kh8 31. Re4 Re8 32. Rxe8+ Qxe8 33. Qxc4 Qe1+
34. Qf1 Bxf2+ 35. Kg2 Qe4+ 36. Kxf2 Qd4+ 37. Kg2 1-0

[Event "World Youth Girl U18 2016"]
[Site "Khanty-Mansiysk RUS"]
[Date "2016.10.02"]
[Round "10.23"]
[White "Meskenaite, Rugile"]
[Black "Bandara, T B S H"]
[Result "1/2-1/2"]
[WhiteElo "1709"]
[BlackElo "1543"]
[WhiteFideId "12806587"]
[BlackFideId "9918477"]
[EventDate "2016.09.22"]

1. e4 e5 2. Nf3 Nf6 3. Nxe5 d6 4. Nf3 Nxe4 5. Nc3 Nxc3 6. dxc3 Be7 7. Bf4 Nc6 8.
Bd3 Be6 9. Qd2 Qd7 10. O-O-O Na5 11. b3 a6 12. Rhe1 O-O 13. Bg5 Nc6 14. Bxe7
Qxe7 15. Qf4 h6 16. Qe4 g6 17. h4 Qf6 18. Kb2 Rfe8 19. Qe3 Kg7 20. Qd2 Bd5 21.
h5 Bxf3 22. gxf3 Qxf3 23. hxg6 fxg6 24. Rh1 g5 25. Rdg1 Ne5 26. Bf1 Qf6 27. Rg3 1/2-1/2

[Event "World Youth Girl U18 2016"]
[Site "Khanty-Mansiysk RUS"]
[Date "2016.10.02"]
[Round "10.24"]
[White "Tao, Rachel Long-Xin"]
[Black "Alijanzadeh, Mohadeseh"]
[Result "0-1"]
[WhiteTitle "WCM"]
[WhiteElo "1649"]
[BlackElo "1824"]
[WhiteFideId "2616300"]
[BlackFideId "12508632"]
[EventDate "2016.09.22"]

1. e4 e6 2. Nf3 d5 3. Nc3 d4 4. Ne2 c5 5. d3 Nc6 6. g3 g6 7. Bg2 Bg7 8. O-O Nge7
9. Nd2 O-O 10. f4 b5 11. e5 Rb8 12. Ne4 Qb6 13. Kh1 Nb4 14. Ng1 Nf5 15. Re1 Nd5
16. Qf3 Bb7 17. Qf2 Nde3 18. Bxe3 Nxe3 19. Rxe3 dxe3 20. Qxe3 Bxe4 21. Bxe4 Rfd8
22. Nf3 Qc7 23. g4 a5 24. g5 a4 25. h4 b4 26. Nh2 b3 27. cxb3 axb3 28. a3 c4 29.
Rc1 Qa5 30. Rxc4 Bf8 31. Nf1 Bxa3 32. bxa3 b2 33. d4 b1=Q 34. Bxb1 Rxb1 35. Kg2
Qd5+ 36. Kg3 Qxc4 37. Nd2 Qc2 38. Nxb1 Qxb1 39. a4 Qa1 0-1

[Event "World Youth Girl U18 2016"]
[Site "Khanty-Mansiysk RUS"]
[Date "2016.10.02"]
[Round "10.25"]
[White "Kolver, Michelle"]
[Black "Oljobai Kyzy, Alisa"]
[Result "1-0"]
[WhiteTitle "WCM"]
[WhiteElo "1485"]
[BlackElo "1672"]
[WhiteFideId "14307839"]
[BlackFideId "13801953"]
[EventDate "2016.09.22"]

1. d4 d5 2. Nf3 c6 3. Bg5 Nf6 4. Nbd2 e6 5. e3 Nbd7 6. e4 dxe4 7. Nxe4 Be7 8.
Ned2 Nd5 9. Bxe7 Qxe7 10. c3 O-O 11. Bd3 Nf4 12. Qc2 Nxg2+ 13. Kf1 Nf4 14. Bxh7+
Kh8 15. Bd3 c5 16. Rg1 f5 17. Re1 b6 18. Bxf5 Ba6+ 19. c4 Qf6 20. Be4 Rad8 21.
Rg4 cxd4 22. Rh4+ Kg8 23. Bh7+ Kf7 24. Ne4 d3 25. Qd2 Qxh4 26. Nxh4 Ke8 27. Ng6
Nxg6 28. Bxg6+ Ke7 29. Qxd3 Ne5 30. Qa3+ Kd7 31. Qd6+ Kc8 32. Qxe5 Bxc4+ 33. Kg1 1-0

[Event "World Youth Girl U18 2016"]
[Site "Khanty-Mansiysk RUS"]
[Date "2016.10.03"]
[Round "11.1"]
[White "Uuriintuya, Uurtsaikh"]
[Black "Tsolakidou, Stavroula"]
[Result "0-1"]
[WhiteTitle "WIM"]
[BlackTitle "WGM"]
[WhiteElo "2228"]
[BlackElo "2355"]
[WhiteFideId "4900227"]
[BlackFideId "4264312"]
[EventDate "2016.09.22"]

1. e4 c5 2. Nf3 d6 3. d4 cxd4 4. Nxd4 Nf6 5. Nc3 a6 6. a4 e5 7. Nf3 Qc7 8. Bg5
Nbd7 9. Be2 h6 10. Bh4 g5 11. Bg3 Nc5 12. Nd2 Be6 13. O-O Bg7 14. Re1 O-O 15.
Bc4 Rad8 16. Qe2 Ncxe4 17. Ncxe4 Nxe4 18. Qxe4 d5 19. Bxe5 dxe4 20. Bxc7 Rxd2
21. Rxe4 Bf5 22. Re2 Rxe2 23. Bxe2 Rc8 24. Bg3 Rxc2 25. Bf3 Bxb2 26. Re1 b5 27.
axb5 axb5 28. h4 Rc1 29. Kf1 Bd3+ 30. Be2 Bxe2+ 31. Kxe2 Rxe1+ 32. Kxe1 f6 33.
f3 h5 34. Kd2 Kf7 35. Kc2 Bd4 36. Kd3 Bc5 37. hxg5 fxg5 38. Ke4 Ke6 39. f4 g4
40. f5+ Kf7 41. Be5 Be7 42. Kf4 b4 43. Bb2 Bf6 44. Bc1 b3 45. Ba3 Kg7 46. Bc1
Kh7 47. g3 Kg7 0-1

[Event "World Youth Girl U18 2016"]
[Site "Khanty-Mansiysk RUS"]
[Date "2016.10.03"]
[Round "11.2"]
[White "Drogovoz, Irina"]
[Black "Obolentseva, Alexandra"]
[Result "1-0"]
[WhiteTitle "WIM"]
[BlackTitle "WFM"]
[WhiteElo "2144"]
[BlackElo "2331"]
[WhiteFideId "4176715"]
[BlackFideId "24153648"]
[EventDate "2016.09.22"]

1. d4 Nf6 2. c4 e6 3. a3 c5 4. Nf3 cxd4 5. Nxd4 b6 6. Bg5 Be7 7. Nc3 Bb7 8. Qc2
Nc6 9. Nxc6 Bxc6 10. e4 O-O 11. Bd3 h6 12. Bh4 Nh5 13. Bg3 Nxg3 14. hxg3 Bf6 15.
Rd1 Rc8 16. Rh5 Qc7 17. Qd2 Rfe8 18. Kf1 Qb7 19. f3 Bxc3 20. Qxc3 d5 21. exd5
Bxd5 22. Be2 b5 23. c5 a5 24. Rd4 e5 25. Rg4 Be6 26. Re4 f6 27. b4 Red8 28. Rh1
axb4 29. axb4 Bf5 30. Re3 Rd4 31. Kf2 Be6 32. Rd1 Rcd8 33. Red3 Qd5 34. Ke3 Bf5
35. R3d2 Be6 36. Rxd4 exd4+ 37. Qxd4 Qg5+ 38. Qf4 Rxd1 39. Qxg5 hxg5 40. Bxd1
Kf8 41. Be2 Bd7 42. Kd4 Ke7 43. c6 Bxc6 44. Kc5 Be8 45. Bxb5 Bg6 46. Bc6 Kd8 47.
Kd6 Bf5 48. b5 1-0

[Event "World Youth Girl U18 2016"]
[Site "Khanty-Mansiysk RUS"]
[Date "2016.10.03"]
[Round "11.3"]
[White "Lahav, Michal"]
[Black "Abdusattorova, Bakhora"]
[Result "1-0"]
[BlackTitle "WFM"]
[WhiteElo "2054"]
[BlackElo "2177"]
[WhiteFideId "2813742"]
[BlackFideId "14204126"]
[EventDate "2016.09.22"]

1. e4 e5 2. Nf3 Nc6 3. Bb5 Nf6 4. d3 Bc5 5. c3 O-O 6. O-O d6 7. Nbd2 a6 8. Bxc6
bxc6 9. d4 exd4 10. cxd4 Bb6 11. Qc2 Bd7 12. e5 Nd5 13. Nc4 Nb4 14. Qd2 a5 15.
a3 Nd5 16. Qd3 Bg4 17. Ng5 g6 18. Nxb6 cxb6 19. Qg3 Bc8 20. Ne4 dxe5 21. dxe5
Bf5 22. Bg5 Qd7 23. Nf6+ Nxf6 24. Bxf6 h5 25. Rfd1 Qe6 26. Rd4 Rfc8 27. Rh4 Kf8
28. Rd4 c5 29. Rd6 Qe8 30. Qg5 Kg8 31. Qh6 1-0

[Event "World Youth Girl U18 2016"]
[Site "Khanty-Mansiysk RUS"]
[Date "2016.10.03"]
[Round "11.4"]
[White "Krasnokutskaya, Sofiya"]
[Black "Khomeriki, Nino"]
[Result "0-1"]
[BlackTitle "WIM"]
[WhiteElo "2086"]
[BlackElo "2357"]
[WhiteFideId "14150735"]
[BlackFideId "13603191"]
[EventDate "2016.09.22"]

1. d4 Nf6 2. Nf3 e6 3. c4 d5 4. Nc3 dxc4 5. e4 Bb4 6. Bg5 c5 7. Bxc4 cxd4 8.
Nxd4 Bxc3+ 9. bxc3 Qa5 10. Bb5+ Bd7 11. Bxf6 gxf6 12. Qb3 Bxb5 13. Nxb5 O-O 14.
O-O Nc6 15. Rfd1 Rad8 16. c4 Rxd1+ 17. Rxd1 Rd8 18. Nd6 b6 19. Rf1 Qe5 20. Nb5
Rd7 21. Qe3 Kf8 22. h3 Ke7 23. Re1 Qb2 24. Re2 Qb4 25. Rc2 Ne5 26. a3 Qb1+ 27.
Rc1 Qb2 28. f4 Rd2 29. Rc3 Rxg2+ 30. Kf1 Rh2 0-1

[Event "World Youth Girl U18 2016"]
[Site "Khanty-Mansiysk RUS"]
[Date "2016.10.03"]
[Round "11.5"]
[White "Fuentes Godoy, Lilia Ivonne"]
[Black "Balajayeva, Khanim"]
[Result "1/2-1/2"]
[WhiteTitle "WIM"]
[BlackTitle "WFM"]
[WhiteElo "2142"]
[BlackElo "2147"]
[WhiteFideId "5104130"]
[BlackFideId "13406396"]
[EventDate "2016.09.22"]

1. d4 d5 2. c4 e6 3. Nf3 c5 4. cxd5 exd5 5. g3 Nc6 6. Bg2 Nf6 7. O-O Be7 8. Nc3
O-O 9. dxc5 Bxc5 10. Na4 Be7 11. Be3 Ne4 12. Rc1 Bf6 13. Nd4 Ne5 14. Nc3 Nxc3
15. Rxc3 Nc4 16. b3 Qa5 17. Qa1 Nxe3 18. Rxe3 Qb6 19. Rd3 Bf5 20. Rd2 Rac8 21.
e3 Qa5 22. Qb2 Be4 23. Rfd1 Rc7 24. b4 Qb6 25. a4 Rc4 26. Bxe4 dxe4 27. Rb1 Bxd4
28. Rxd4 Rxd4 29. exd4 Rd8 30. Rd1 h5 31. Qc3 Qa6 32. Qc7 Rd5 33. Qc8+ Kh7 34.
Qc2 Qg6 35. Qc4 Qf5 36. Re1 h4 37. Re3 h3 38. Kf1 Rd6 39. b5 Qh5 40. Ke1 f5 41.
g4 Qxg4 42. Rg3 Qh5 43. Qc3 Rh6 44. d5 Qf7 45. Qe5 Qd7 46. Ke2 Rd6 47. Rxh3+ Kg8
48. Rg3 Rxd5 49. Rxg7+ Qxg7 50. Qxd5+ Kh8 51. Qxf5 Qb2+ 52. Ke3 Qb3+ 53. Kf4
Qxa4 54. Qc8+ Kg7 55. Qxb7+ Kg8 56. Qb8+ Kf7 57. Qb7+ Kg8 58. Qxe4 Qa1 59. Qe8+
Kh7 60. Qf7+ Kh8 61. h4 Qc1+ 62. Kg4 Qg1+ 63. Kh5 Qd1+ 64. Kh6 Qd6+ 65. Kg5 Qe5+
66. Kg6 Qe4+ 67. Qf5 Qg2+ 68. Kh5 Qb7 69. f3 Qe7 70. f4 Qb7 71. Qf6+ Kh7 72.
Qg6+ Kh8 73. Kh6 Qe7 74. h5 Qf8+ 75. Kg5 Qc5+ 76. Qf5 Qg1+ 77. Kf6 Qb6+ 78. Kg5
Qg1+ 79. Qg4 Qc5+ 80. Kf6 Qf8+ 81. Kg5 Qe7+ 82. Kf5 Qd7+ 83. Kg5 Qe7+ 84. Kh6
Qh7+ 85. Kg5 Qe7+ 1/2-1/2

[Event "World Youth Girl U18 2016"]
[Site "Khanty-Mansiysk RUS"]
[Date "2016.10.03"]
[Round "11.6"]
[White "Mahalakshmi, M"]
[Black "Heinemann, Josefine"]
[Result "1/2-1/2"]
[WhiteTitle "WIM"]
[BlackTitle "WIM"]
[WhiteElo "2221"]
[BlackElo "2242"]
[WhiteFideId "5001080"]
[BlackFideId "12900460"]
[EventDate "2016.09.22"]

1. d4 Nf6 2. c4 g6 3. Nc3 d5 4. cxd5 Nxd5 5. e4 Nxc3 6. bxc3 Bg7 7. Bb5+ c6 8.
Ba4 O-O 9. Ne2 c5 10. O-O Nc6 11. Be3 Qc7 12. Qc1 Rd8 13. Rd1 Na5 14. Bf4 e5 15.
dxe5 Be6 16. Rxd8+ Qxd8 17. Bg3 g5 18. Qe3 Qe7 19. f4 Nc4 20. Qf2 gxf4 21. Bh4
Qc7 22. Bf6 Nxe5 23. Bxg7 Kxg7 24. Nxf4 Qe7 25. Nh5+ Kh8 26. Qg3 Ng6 27. Rf1 Bc4
28. Re1 Rd8 29. Bb3 Be6 30. Bxe6 Qxe6 31. Qc7 Qe7 32. Qxe7 Nxe7 33. Rf1 Kg8 34.
Nf6+ Kg7 35. Nxh7 f5 36. Ng5 Kf6 37. h4 Rd3 38. exf5 Nxf5 39. Ne4+ Ke5 40. Nxc5
Rxc3 41. Nd7+ Ke6 42. Nf8+ Kf6 43. h5 Ke5 44. Ng6+ Ke6 45. Nf4+ Ke5 46. Ng6+ Ke6
47. Rf2 Nh6 48. Rf4 b5 49. a4 Rc5 50. axb5 Rxb5 51. Ra4 a5 52. Kf2 1/2-1/2

[Event "World Youth Girl U18 2016"]
[Site "Khanty-Mansiysk RUS"]
[Date "2016.10.03"]
[Round "11.7"]
[White "Lingur, Zalina"]
[Black "Ghukasyan, Siranush"]
[Result "1/2-1/2"]
[WhiteTitle "WFM"]
[WhiteElo "1986"]
[BlackElo "2106"]
[WhiteFideId "34165670"]
[BlackFideId "13300946"]
[EventDate "2016.09.22"]

1. d4 d5 2. c4 e6 3. cxd5 exd5 4. Nc3 c6 5. Nf3 Nf6 6. Bg5 h6 7. Bh4 Bf5 8. e3
Be7 9. Bd3 Bxd3 10. Qxd3 O-O 11. O-O Nbd7 12. Rae1 Re8 13. Nd2 Ne4 14. Bxe7 Qxe7
15. f3 Nxd2 16. Qxd2 Nb6 17. Qf2 Rad8 18. e4 dxe4 19. fxe4 Qd7 20. Rd1 Qe6 21.
e5 Qg6 22. Qf3 Re7 23. Ne4 Red7 24. Nd6 Nc8 25. Nf5 Ne7 26. Nd6 Nc8 27. Nf5 Ne7
28. Nd6 Nc8 29. Nf5 Ne7 1/2-1/2

[Event "World Youth Girl U18 2016"]
[Site "Khanty-Mansiysk RUS"]
[Date "2016.10.03"]
[Round "11.8"]
[White "Stanciu, Ioana-Georgiana"]
[Black "Marjina, Arina"]
[Result "1-0"]
[BlackTitle "WFM"]
[WhiteElo "1931"]
[BlackElo "2076"]
[WhiteFideId "1202294"]
[BlackFideId "34100242"]
[EventDate "2016.09.22"]

1. e4 c5 2. Nf3 d6 3. d4 cxd4 4. Nxd4 Nf6 5. Nc3 a6 6. h3 e6 7. g4 b5 8. g5 b4
9. gxf6 bxc3 10. fxg7 Bxg7 11. bxc3 Qc7 12. Qd3 Bb7 13. Bd2 Nd7 14. Qg3 Be5 15.
Qh4 Bf6 16. Qg4 Ke7 17. f3 Rhg8 18. Qf4 Bg5 19. Qh2 Bh4+ 20. Kd1 Nc5 21. Rb1
Rab8 22. Rg1 Bf6 23. Bd3 Rxg1+ 24. Qxg1 Nxd3 25. cxd3 Bxd4 26. cxd4 Bxe4 27. Rc1
Bxf3+ 28. Ke1 Qb7 29. Qg7 Bh5 30. Qg5+ Ke8 31. Qxh5 Qh1+ 32. Kf2 Qh2+ 33. Ke3
Rb2 34. Rd1 Rxa2 35. Qf3 a5 36. Bc3 Rg2 37. Be1 Rb2 38. Bg3 Qc2 39. Bxd6 a4 40.
Qf1 Qc6 41. Ba3 Rg2 42. Qf3 Qxf3+ 43. Kxf3 Rh2 44. Kg4 Kd7 45. Ra1 Rd2 46. Bc5
Rxd3 47. Rxa4 h5+ 48. Kh4 Rf3 49. Ra5 Kc6 50. Ba7 f5 51. Bb8 Rd3 52. Be5 f4 53.
Ra7 f3 54. Rf7 Kd5 55. Rf4 1-0

[Event "World Youth Girl U18 2016"]
[Site "Khanty-Mansiysk RUS"]
[Date "2016.10.03"]
[Round "11.9"]
[White "Assaubayeva, Bibisara"]
[Black "Fiadosenka, Rahneda"]
[Result "0-1"]
[WhiteTitle "WFM"]
[WhiteElo "2287"]
[BlackElo "2059"]
[WhiteFideId "13708694"]
[BlackFideId "13503740"]
[EventDate "2016.09.22"]

1. d4 Nf6 2. c4 c5 3. d5 g6 4. Nc3 Bg7 5. e4 d6 6. Bd3 O-O 7. Nf3 Bg4 8. O-O
Nbd7 9. h3 Bxf3 10. Qxf3 Ne5 11. Qe2 e6 12. f4 Nxd3 13. Qxd3 exd5 14. exd5 Re8
15. f5 Nd7 16. Bf4 Bd4+ 17. Kh1 Ne5 18. Bxe5 Rxe5 19. Ne4 Qh4 20. Rae1 Rae8 21.
fxg6 f5 22. Nxd6 Rxe1 23. Nxe8 Qf2 24. Nf6+ Bxf6 25. gxh7+ Kxh7 26. Qxf5+ Qxf5
27. Rxe1 0-1

[Event "World Youth Girl U18 2016"]
[Site "Khanty-Mansiysk RUS"]
[Date "2016.10.03"]
[Round "11.10"]
[White "Kanakova, Natalie"]
[Black "Unuk, Laura"]
[Result "0-1"]
[BlackTitle "WIM"]
[WhiteElo "2175"]
[BlackElo "2332"]
[WhiteFideId "350486"]
[BlackFideId "14609215"]
[EventDate "2016.09.22"]

1. e4 e5 2. Nf3 Nc6 3. d4 exd4 4. Nxd4 Nf6 5. Nxc6 bxc6 6. e5 Qe7 7. Qe2 Nd5 8.
c4 Nb6 9. Nc3 Ba6 10. Qe4 Qe6 11. b3 Bb4 12. Bd2 Bxc3 13. Bxc3 d5 14. Qh4 dxc4
15. Rc1 Qg6 16. Bb4 f6 17. Qh3 Qe4+ 18. Qe3 Qxe5 19. Qxe5+ fxe5 20. Bxc4 Nxc4
21. bxc4 O-O-O 22. O-O Rd4 23. Bc3 Rxc4 24. Bxe5 Re8 25. f4 g5 26. a3 gxf4 27.
Bxf4 c5 28. Rxc4 Bxc4 29. Rc1 Re4 30. g3 Kb7 31. Kf2 Kc6 32. Be3 Kd5 33. Rd1+
Kc6 34. Rc1 a6 35. Kf3 Bd5 36. Rxc5+ Kd6 37. Rc1 Rh4+ 38. Ke2 Rxh2+ 39. Kd3 c6
40. Bf4+ Ke6 41. Kd4 Kf5 42. Kc5 Ra2 43. Rc3 h5 44. Bd6 Rb2 45. Kd4 Kg4 46. Re3
Rd2+ 47. Rd3 Rg2 48. Kc3 Be4 49. Re3 Bf3 50. Re6 Kh3 51. Kd3 Rg1 52. Rf6 Kg2 53.
Ke3 Re1+ 54. Kd2 Re8 55. Rg6 Kf2 56. Bc5+ Kf1 57. Rf6 Kg2 58. Rg6 Re5 59. Ba7
Ra5 60. Bb6 Rxa3 61. Rg5 Bg4 62. Bc7 a5 63. Rc5 Bf3 64. Rc3 Ra4 65. Rc5 Bd5 66.
Rc2 Re4 67. Kd3+ Kh3 68. Rc1 Re7 69. Bd6 Rd7 70. Bf4 a4 71. Ra1 Kg4 72. Bb8 Bb3+
73. Kc3 c5 74. Be5 c4 75. Rh1 a3 76. Rh4+ Kg5 77. Bd4 a2 78. Rh1 Re7 79. Kd2 Kg4
80. Rg1 Kf3 81. Kc3 Re2 82. Kb4 Rd2 83. Be5 Re2 84. Bd4 Kg4 85. Rh1 Rd2 86. Be5
Rd5 87. Bf4 Bd1 88. Rh4+ Kf3 89. Kxc4 Ra5 0-1

[Event "World Youth Girl U18 2016"]
[Site "Khanty-Mansiysk RUS"]
[Date "2016.10.03"]
[Round "11.11"]
[White "Gazikova, Veronika"]
[Black "Wu, Min"]
[Result "1-0"]
[WhiteTitle "WFM"]
[WhiteElo "2213"]
[BlackElo "1996"]
[WhiteFideId "14919311"]
[BlackFideId "1631969"]
[EventDate "2016.09.22"]

1. e4 e5 2. Nf3 Nc6 3. Bc4 Bc5 4. c3 Nf6 5. d4 exd4 6. cxd4 Bb4+ 7. Bd2 Bxd2+ 8.
Nbxd2 d5 9. exd5 Nxd5 10. Qb3 Na5 11. Qa4+ Nc6 12. Bb5 Bd7 13. O-O O-O 14. Qb3
Nb6 15. Ne4 Ne7 16. Bd3 Be6 17. Qc2 h6 18. Nc5 Bd5 19. Be4 Rb8 20. Rfe1 Nd7 21.
Rac1 c6 22. Bxd5 Nxd5 23. Nxb7 Nb4 24. Nxd8 Nxc2 25. Rxc2 Rfxd8 26. Rxc6 Rxb2
27. Rd6 Rbb8 28. g3 Kf8 29. Rc1 Ke7 30. Rd5 Ke6 31. Ra5 Rb7 32. Re1+ Kf6 33. Rd5
Rbb8 34. Rd6+ Kf5 35. Nh4+ Kg4 36. Kg2 Rb5 37. Re7 g5 38. h3+ Kh5 39. g4+ 1-0

[Event "World Youth Girl U18 2016"]
[Site "Khanty-Mansiysk RUS"]
[Date "2016.10.03"]
[Round "11.12"]
[White "Santeramo, Alessia"]
[Black "Yakimenko, Viktoria"]
[Result "1-0"]
[WhiteTitle "WFM"]
[WhiteElo "2001"]
[BlackElo "2160"]
[WhiteFideId "850810"]
[BlackFideId "24174998"]
[EventDate "2016.09.22"]

1. e4 c5 2. Nf3 Nc6 3. Bb5 g6 4. O-O Bg7 5. Nc3 Nd4 6. Nxd4 cxd4 7. Ne2 a6 8.
Ba4 b5 9. Bb3 Bb7 10. d3 d5 11. Ng3 dxe4 12. Nxe4 Nf6 13. Nxf6+ Bxf6 14. Bh6 e6
15. Qg4 Bd5 16. f4 Qd7 17. Rae1 O-O-O 18. Bg5 Qe7 19. Re5 Bxb3 20. cxb3 Rd7 21.
Qf3 Kb8 22. Bxf6 Qxf6 23. Qc6 Ra7 24. Rc5 Qd8 25. Rfc1 Re8 26. a4 bxa4 27. R1c4
Ree7 28. bxa4 Rec7 29. Qb6+ Rab7 30. Qa5 Qd7 31. Rxc7 Rxc7 32. Rxc7 Qxc7 33.
Qxc7+ Kxc7 34. b4 h6 35. g3 Kb6 36. Kf2 a5 37. b5 Kc5 38. Kf3 f5 39. g4 Kd5 40.
gxf5 gxf5 41. Kg3 Kc5 42. Kh4 Kd6 43. Kh5 Kd5 44. Kg6 e5 45. b6 Kc6 46. fxe5 f4
47. e6 f3 48. e7 Kd7 49. Kf7 1-0

[Event "World Youth Girl U18 2016"]
[Site "Khanty-Mansiysk RUS"]
[Date "2016.10.03"]
[Round "11.13"]
[White "Vidic, Teja"]
[Black "Parhomenko, Margarita"]
[Result "1/2-1/2"]
[WhiteTitle "WFM"]
[WhiteElo "2121"]
[BlackElo "1940"]
[WhiteFideId "14605511"]
[BlackFideId "11603216"]
[EventDate "2016.09.22"]

1. d4 e6 2. c4 c5 3. d5 exd5 4. cxd5 d6 5. Nc3 Be7 6. e4 Bf6 7. Nf3 Ne7 8. Be2
Ng6 9. O-O Bg4 10. Nd2 Bxe2 11. Qxe2 a6 12. a4 O-O 13. Nc4 Re8 14. Qc2 Ne5 15.
Nxe5 Bxe5 16. Bd2 Qh4 17. f4 Bd4+ 18. Kh1 Nd7 19. Ne2 Nf6 20. Nxd4 cxd4 21. Rae1
Ng4 22. h3 Nf2+ 23. Kg1 d3 24. Qc4 Nxh3+ 25. gxh3 Qg3+ 1/2-1/2

[Event "World Youth Girl U18 2016"]
[Site "Khanty-Mansiysk RUS"]
[Date "2016.10.03"]
[Round "11.14"]
[White "Shivacheva, Donika"]
[Black "Nguyen, Thanh Thuy Tien"]
[Result "1-0"]
[BlackTitle "WIM"]
[WhiteElo "2063"]
[BlackElo "1978"]
[WhiteFideId "2900840"]
[BlackFideId "12400998"]
[EventDate "2016.09.22"]

1. e4 c5 2. Nc3 Nc6 3. f4 e6 4. Nf3 Nge7 5. Bb5 d5 6. d3 g6 7. O-O Bg7 8. Qe1
O-O 9. Bxc6 Nxc6 10. e5 a6 11. Qf2 b6 12. a4 Bb7 13. Qg3 Nb4 14. Rf2 f6 15. Qh3
Qe7 16. b3 Rac8 17. Bb2 f5 18. d4 c4 19. Rd1 Rc6 20. Nb1 cxb3 21. c3 Rfc8 22.
cxb4 Qxb4 23. Ne1 Rc2 24. Qd3 Rxf2 25. Kxf2 Qxa4 26. Nd2 a5 27. Nxb3 Rc4 28. Ra1
Qc6 29. Nd2 Rb4 30. Ba3 Ra4 31. Rc1 Qd7 32. Bd6 Qe8 33. Rc7 Bc6 34. Qa6 Ra2 35.
Nf3 Bd7 36. Qb7 Qd8 37. Rxd7 Rxd2+ 38. Ke3 1-0

[Event "World Youth Girl U18 2016"]
[Site "Khanty-Mansiysk RUS"]
[Date "2016.10.03"]
[Round "11.15"]
[White "Hu, Yu A."]
[Black "Suchomelova, Simona"]
[Result "1/2-1/2"]
[WhiteElo "2049"]
[BlackElo "1958"]
[WhiteFideId "8609993"]
[BlackFideId "348864"]
[EventDate "2016.09.22"]

1. e4 e6 2. d4 d5 3. Nc3 Nf6 4. e5 Nfd7 5. f4 c5 6. Nf3 Nc6 7. Be3 a6 8. Qd2 b5
9. dxc5 Bxc5 10. Bd3 Qb6 11. Bf2 Bxf2+ 12. Qxf2 Qxf2+ 13. Kxf2 Nc5 14. a3 b4 15.
axb4 Nxb4 16. Nb5 O-O 17. Ne1 1/2-1/2

[Event "World Youth Girl U18 2016"]
[Site "Khanty-Mansiysk RUS"]
[Date "2016.10.03"]
[Round "11.16"]
[White "Xiang, Evan"]
[Black "Mamontova, Anastasia"]
[Result "0-1"]
[WhiteTitle "WFM"]
[BlackTitle "WFM"]
[WhiteElo "1948"]
[BlackElo "2021"]
[WhiteFideId "2005816"]
[BlackFideId "34100234"]
[EventDate "2016.09.22"]

1. d4 Nf6 2. Bf4 c5 3. e3 Nd5 4. Bg3 Qb6 5. b3 cxd4 6. Qxd4 Qa5+ 7. Nd2 Nc6 8.
Qc4 e6 9. Nf3 a6 10. Bd3 Bb4 11. a4 b5 12. Qg4 Bc3 13. Rd1 h5 14. Qh3 Bf6 15.
Bh4 Bb2 16. O-O Nc3 17. Rde1 Nb4 18. axb5 axb5 19. Qg3 Nxd3 20. cxd3 Qb4 21. d4
Qf8 22. Qc7 f6 23. e4 g5 24. Bg3 h4 25. Bd6 Qg7 26. d5 e5 27. Nxe5 fxe5 28. Bxe5
Ne2+ 29. Rxe2 Bxe5 30. Qc5 Qe7 31. Qxe7+ Kxe7 32. Nf3 Kf6 33. g3 d6 34. Nxg5
hxg3 35. hxg3 Bg4 36. f3 Kxg5 37. fxg4 Kxg4 38. Rf7 Bxg3 39. Rg7+ Kf3 0-1

[Event "World Youth Girl U18 2016"]
[Site "Khanty-Mansiysk RUS"]
[Date "2016.10.03"]
[Round "11.17"]
[White "Albekova, Dilyara"]
[Black "Wozniak, Mariola"]
[Result "0-1"]
[BlackTitle "WIM"]
[WhiteElo "1784"]
[BlackElo "2246"]
[WhiteFideId "13705628"]
[BlackFideId "1152050"]
[EventDate "2016.09.22"]

1. e4 c5 2. Nf3 e6 3. d4 cxd4 4. Nxd4 Nf6 5. Bd3 a6 6. c4 Be7 7. O-O d6 8. Nc3
O-O 9. Qe2 b6 10. f4 Bb7 11. a3 Nbd7 12. b4 Rc8 13. Bd2 Qc7 14. Rac1 Rfe8 15. g4
Nb8 16. g5 Nfd7 17. Qh5 Bf8 18. Qh4 g6 19. Rf3 Bg7 20. Nde2 Nf8 21. Rh3 Qd7 22.
Be3 d5 23. cxd5 Bxc3 24. Nxc3 exd5 25. exd5 Bxd5 26. Bxb6 Ba8 27. Bc5 Qc6 28.
Bf1 Rcd8 29. Bxf8 Qh1+ 30. Kf2 Rd2+ 31. Be2 Qg2+ 32. Ke1 Rexe2+ 0-1

[Event "World Youth Girl U18 2016"]
[Site "Khanty-Mansiysk RUS"]
[Date "2016.10.03"]
[Round "11.18"]
[White "Uktamova, Marjona"]
[Black "Trippold, Denise"]
[Result "1/2-1/2"]
[BlackTitle "WFM"]
[WhiteElo "1542"]
[BlackElo "2068"]
[WhiteFideId "14209128"]
[BlackFideId "1625594"]
[EventDate "2016.09.22"]

1. e4 c5 2. Nc3 Nc6 3. g3 g6 4. Bg2 Bg7 5. d3 d6 6. Be3 e5 7. Nge2 Nge7 8. Qd2
Nd4 9. O-O O-O 10. f4 Be6 11. Nd1 Qd7 12. c3 Nxe2+ 13. Qxe2 Rae8 14. fxe5 Bxe5
15. Nf2 Bg7 16. d4 cxd4 17. cxd4 d5 18. e5 Nc6 19. Nd3 f6 20. Nc5 Qe7 21. Nxe6
Qxe6 22. Qb5 Rd8 23. Rac1 Rf7 24. Rc5 Rfd7 25. Rd1 Bf8 26. Rcc1 fxe5 27. dxe5
Qxe5 28. Bf4 Qf5 29. a3 Bg7 30. Kh1 Nd4 31. Qf1 Ne6 32. Re1 Nxf4 33. gxf4 d4 34.
Be4 Qf6 35. Rcd1 Rf8 36. Qg2 b6 37. Rf1 Kh8 38. Rd3 Qd6 39. f5 Rdf7 40. Rdf3
gxf5 41. Rxf5 Rxf5 42. Rxf5 Rxf5 43. Bxf5 Qc5 44. Bd3 Qc1+ 45. Bf1 Qf4 46. Bc4
Qc1+ 47. Bf1 Qf4 48. Bc4 Qc1+ 1/2-1/2